| 000 | 01216nab a22002657a 4500 | ||
|---|---|---|---|
| 999 |
_c5516 _d5516 |
||
| 003 | OSt | ||
| 005 | 20251210153312.0 | ||
| 008 | 190604e xxu||||| |||| 00| 0 spa d | ||
| 040 | _cPJ | ||
| 100 |
_96416 _aFernández, Hilda E. |
||
| 245 | 1 | 3 |
_aHipotecas divisibles y la publicidad de boletos de compraventa en el marco del DNU 1017/2024 / _cHilda E. Fernández. |
| 260 |
_aCiudad Autónoma de Buenos Aires : _bThomson Reuters La Ley, _c2025. |
||
| 300 | _ap. 26-35 | ||
| 500 | _aCita Online: TR LALEY AR/DOC/2386/2025. | ||
| 505 | _aSumario: I. Introducción.— II. Fundamentos.— III. La propuesta del DNU 1017/2024, la reglamentación conjunta 2/2025 y la DTR 10/2025.— IV. Conclusiones. | ||
| 505 | _t¿Te interesa el texto completo? Solicitalo al correo: koha@justierradelfuego.gov.ar | ||
| 650 | 0 |
_91497 _aCODIGO CIVIL Y COMERCIAL |
|
| 650 | 0 |
_91821 _aDERECHOS REALES |
|
| 650 | 0 |
_92309 _aPROPIEDAD HORIZONTAL |
|
| 650 | 0 |
_91819 _aHIPOTECA |
|
| 650 | 0 |
_92274 _aBIENES INMUEBLES |
|
| 650 | 0 |
_96053 _aESCRITURA PUBLICA |
|
| 773 | 0 |
_02714 _93171 _dCiudad Autónoma de Buenos Aires : Thomson Reuters La Ley, 2014- _tRevista anales de legislación argentina. Nº 10- Octubre 2025. |
|
| 942 |
_2udc _cANA |
||